| 000 | 00775nam a2200205Ia 4500 | ||
|---|---|---|---|
| 003 | CO-CtgCURN | ||
| 005 | 20250409210216.0 | ||
| 008 | 190724s9999 xx 000 0 und d | ||
| 040 |
_aCO-CtgCURN _bspa _ccoctgcurn |
||
| 082 |
_a370.861 _bB142e |
||
| 100 | _aBaez Ramirez, Javier Eduardo | ||
| 245 | 0 |
_aEvolucion de indicadores educativos para Bolivar y Cartagena (1993-1995) / _cJavier Eduardo Baez Ramirez |
|
| 260 |
_aCartagena de Indias, Bolívar : _bUniversidad Tadeo Lozano, _c1999 |
||
| 300 |
_a64 páginas ; _c30 centímetros |
||
| 521 | _aAREA SOCIOHUMANISTICA | ||
| 590 | _aTodos los programas académicos | ||
| 650 |
_aeducación _zBolivar |
||
| 942 |
_cBK _h370.861 _iB142e |
||
| 999 |
_c29965 _d29965 |
||